00691nam a22001937a 4500999001900000005001700019010001500036020002600051035001400077037001300091082001200104100001900116245007900135260004000214270006400254300003100318942002600349952012200375 c191145d19114520220822104853.0 aENG-134519 a9788192557366c850.00 aEN-118051 bDBAD/PUB a294.513 aNaravane, V.S. aSages, Nymphs and Deities:bExcursions in Indian Mythology/cV.S. Naravane aNew DelhibPawan Publicationsc2015 aH-1/48, Bengali Colony, Mahaveer EnclavebNew Delhie110045 aix, 304p.bIndexc22cm(hb) 2ddccENh294.513mNAR 001040708NFICaAVbAVd2022-08-22eDBAD/PUBg850.00l0o294.513 NARpEN-118051r2022-08-22 00:00:00t1v850.00yEN